[Event "4NCL/Div1d/OXF1 vs. BET"]
[Site "Sunningdale ENG"]
[Date "2010.05.01"]
[Round "9.1"]
[White "Rose, Matthew"]
[Black "Hunt, Adam C"]
[Result "1/2-1/2"]
[WhiteElo "2282"]
[BlackElo "2425"]
[PlyCount "95"]
[EventDate "2010.05.01"]
[SourceDate "2009.10.24"]

1. e4 c5 2. Nf3 d6 3. Bb5+ Bd7 4. Bxd7+ Qxd7 5. O-O Nf6 6. e5 dxe5 7. Nxe5 Qc8
8. Qf3 e6 9. d3 Be7 10. Bf4 Nd5 11. Nc3 Nxf4 12. Qxf4 O-O 13. Rfe1 Nc6 14. Nxc6
Qxc6 15. Re3 Rad8 16. Ne4 f5 17. Nc3 Bf6 18. Rae1 Rfe8 19. Qc4 Kf7 20. Qb3 Rd4
21. a3 Rg4 22. Rg3 Rh4 23. Rf3 g6 24. Ne2 b5 25. Rf4 c4 26. dxc4 Rxf4 27. Nxf4
Qxc4 28. Qxc4 bxc4 29. b3 cxb3 30. cxb3 Rd8 31. Rc1 e5 32. Ne2 Rd3 33. g3 Rxb3
34. Rc7+ Be7 35. a4 Rb2 36. Kf1 Rb1+ 37. Kg2 Rb2 38. Kf1 a6 39. Ra7 Rb1+ 40.
Kg2 Rb6 41. Nc3 Rd6 42. a5 e4 43. Na4 Rd2 44. Nb6 Ke8 45. Ra8+ Kf7 46. Ra7 Ke8
47. Ra8+ Kf7 48. Ra7 1/2-1/2

[Event "4NCL/Div1d/OXF1 vs. BET"]
[Site "Sunningdale ENG"]
[Date "2010.05.01"]
[Round "9.2"]
[White "Ledger, Andrew J"]
[Black "White, Michael JR"]
[Result "1-0"]
[WhiteElo "2431"]
[BlackElo "2239"]
[PlyCount "89"]
[EventDate "2010.05.01"]
[SourceDate "2009.10.24"]

1. d4 Nf6 2. c4 g6 3. g3 Bg7 4. Bg2 O-O 5. Nf3 d6 6. O-O Nbd7 7. Nc3 e5 8. e4
exd4 9. Nxd4 Re8 10. h3 a6 11. Be3 Rb8 12. b3 c5 13. Nde2 Qe7 14. a4 Ne5 15.
Ra2 Be6 16. Rd2 Rbd8 17. Nf4 Nc6 18. Re1 Nb4 19. Rde2 Qf8 20. Qd2 Bd7 21. g4
Bc6 22. Nfd5 Nfxd5 23. exd5 Bd7 24. Bf4 f5 25. g5 b6 26. Na2 Nxa2 27. Qxa2 Bc3
28. Rxe8 Rxe8 29. Rxe8 Qxe8 30. Bxd6 Qe1+ 31. Bf1 Bd2 32. Qb2 Bxg5 33. Qe2 Qxe2
34. Bxe2 Bd8 35. a5 Kg7 36. axb6 Bxb6 37. b4 cxb4 38. Bxb4 a5 39. Ba3 Bd4 40.
c5 f4 41. Kg2 Bf5 42. c6 Bc3 43. c7 Bb4 44. Bxb4 axb4 45. Bg4 1-0

[Event "4NCL/Div1d/OXF1 vs. BET"]
[Site "Sunningdale ENG"]
[Date "2010.05.01"]
[Round "9.3"]
[White "Milovanovic, Aleksander"]
[Black "Ansell, Simon T"]
[Result "1/2-1/2"]
[WhiteElo "2246"]
[BlackElo "2385"]
[PlyCount "68"]
[EventDate "2010.05.01"]
[SourceDate "2009.10.24"]

1. d4 f5 2. Nf3 e6 3. Bg5 Be7 4. h4 Nf6 5. c4 b5 6. cxb5 Bb7 7. Nc3 O-O 8. e3
a6 9. Qb3 axb5 10. Bxb5 Nc6 11. Rc1 Rb8 12. Qd1 Nb4 13. Qe2 h6 14. a3 Nbd5 15.
Nxd5 Bxd5 16. Bxf6 Bxf6 17. Bc4 Bxf3 18. gxf3 c5 19. Rd1 d5 20. Ba2 f4 21. e4
Bxd4 22. b4 Re8 23. Kf1 Qd7 24. Bb1 Qa4 25. exd5 exd5 26. Qd3 Qb5 27. Qxb5 Rxb5
28. Ba2 Re5 29. bxc5 Bxc5 30. Rxd5 Rxd5 31. Bxd5+ Kf8 32. a4 Rb1+ 33. Kg2 Rxh1
34. Kxh1 Bxf2 1/2-1/2

[Event "4NCL/Div1d/OXF1 vs. BET"]
[Site "Sunningdale ENG"]
[Date "2010.05.01"]
[Round "9.4"]
[White "Bates, Richard A"]
[Black "Smallbone, Kieran D"]
[Result "1/2-1/2"]
[WhiteElo "2379"]
[BlackElo "2218"]
[PlyCount "62"]
[EventDate "2010.05.01"]
[SourceDate "2009.10.24"]

1. d4 d5 2. c4 c6 3. Nf3 Nf6 4. Nc3 dxc4 5. a4 Bg4 6. Ne5 Nbd7 7. Nxg4 Nxg4 8.
e4 e5 9. Qxg4 exd4 10. Nb1 Qa5+ 11. Bd2 Qb6 12. Bxc4 Qxb2 13. Bxf7+ Kxf7 14.
Qxd7+ Be7 15. Qf5+ Ke8 16. Qe6 Qxa1 17. Qb3 Rd8 18. O-O Rd7 19. Rc1 Rf8 20. a5
h6 21. g3 b5 22. axb6 axb6 23. Rxc6 Bc5 24. Bb4 d3 25. Rc8+ Ke7 26. Rxc5 bxc5
27. Bxc5+ Ke8 28. Qe6+ Kd8 29. Qb6+ Ke8 30. Qe6+ Kd8 31. Qb6+ Ke8 1/2-1/2

[Event "4NCL/Div1d/OXF1 vs. BET"]
[Site "Sunningdale ENG"]
[Date "2010.05.01"]
[Round "9.5"]
[White "Shaw, David A"]
[Black "Baker, Chris W"]
[Result "1-0"]
[WhiteElo "2241"]
[BlackElo "2357"]
[PlyCount "71"]
[EventDate "2010.05.01"]
[SourceDate "2009.10.24"]

1. e4 c5 2. Nf3 d6 3. d4 cxd4 4. Nxd4 Nf6 5. Nc3 g6 6. f3 a6 7. Be3 Nbd7 8. Qd2
Qc7 9. g4 h6 10. O-O-O Nb6 11. e5 Nfd7 12. exd6 Qxd6 13. Qf2 Qc7 14. f4 Bg7 15.
f5 O-O 16. fxg6 Ne5 17. gxf7+ Rxf7 18. Qg3 Bxg4 19. Be2 Bxe2 20. Ncxe2 Nbc4 21.
Ne6 Qc6 22. N2d4 Qb6 23. b3 Nxe3 24. Qxe3 Ng4 25. Qg3 Nf2 26. Rhg1 Nxd1 27. Qe5
Rf6 28. Rxg7+ Kh8 29. Rxe7 Raf8 30. Nxf8 Qd6 31. Kxd1 Qxe5 32. Rxe5 Rxf8 33.
Nf5 Rd8+ 34. Ke2 Rg8 35. Kf3 Rg1 36. Nxh6 1-0

[Event "4NCL/Div1d/OXF1 vs. BET"]
[Site "Sunningdale ENG"]
[Date "2010.05.01"]
[Round "9.6"]
[White "Ledger, Dave J"]
[Black "Rawlinson, Aidan M"]
[Result "1-0"]
[WhiteElo "2205"]
[BlackElo "2207"]
[PlyCount "57"]
[EventDate "2010.05.01"]
[SourceDate "2009.10.24"]

1. e4 c5 2. Nf3 e6 3. d4 cxd4 4. Nxd4 a6 5. Nc3 Qc7 6. Be3 Bb4 7. Qd3 Nf6 8.
Bd2 O-O 9. Be2 Nc6 10. a3 Ne5 11. Qe3 Bc5 12. f4 Nfg4 13. Qg1 Bxd4 14. Qxd4 Nc6
15. Qd3 Nf6 16. e5 Ne8 17. Ne4 f5 18. Nd6 Nxd6 19. exd6 Qb6 20. Bc3 Qa7 21.
O-O-O b5 22. Qg3 Rf7 23. Bh5 g6 24. Bxg6 hxg6 25. Qxg6+ Kf8 26. Qh6+ Ke8 27.
Qh8+ Rf8 28. Qh5+ Rf7 29. Bg7 1-0

[Event "4NCL/Div1d/OXF1 vs. BET"]
[Site "Sunningdale ENG"]
[Date "2010.05.01"]
[Round "9.7"]
[White "Nitz, Tomos"]
[Black "Ledger, Stephen C"]
[Result "1/2-1/2"]
[WhiteElo "2090"]
[BlackElo "2106"]
[PlyCount "43"]
[EventDate "2010.05.01"]
[SourceDate "2009.10.24"]

1. d4 Nf6 2. c4 c5 3. d5 b5 4. cxb5 a6 5. Nc3 axb5 6. e4 b4 7. Nb5 d6 8. Bc4
Nbd7 9. Nf3 Nb6 10. Bd3 g6 11. b3 Bg7 12. Bb2 O-O 13. O-O Ba6 14. a4 bxa3 15.
Nxa3 Bxd3 16. Qxd3 Qd7 17. Nc4 Nxc4 18. bxc4 Qg4 19. Bxf6 Bxf6 20. Rxa8 Rxa8
21. h3 Qd7 22. Re1 1/2-1/2

[Event "4NCL/Div1d/OXF1 vs. BET"]
[Site "Sunningdale ENG"]
[Date "2010.05.01"]
[Round "9.8"]
[White "Yurenok, Maria S"]
[Black "Mate, Maria"]
[Result "1/2-1/2"]
[WhiteElo "1953"]
[BlackElo "1874"]
[PlyCount "35"]
[EventDate "2010.05.01"]
[SourceDate "2009.10.24"]

1. d4 Nf6 2. c4 e6 3. Nc3 d5 4. cxd5 exd5 5. Bg5 Be7 6. e3 b6 7. Nf3 O-O 8. Bd3
Bb7 9. O-O Nbd7 10. Rc1 c5 11. Bb1 Ne4 12. Bxe7 Qxe7 13. dxc5 Nxc3 14. Rxc3
Nxc5 15. Qc2 Qe4 16. Qc1 Qg4 17. h3 Qh5 18. Nd4 1/2-1/2

[Event "4NCL/Div1d/GUI2 vs. PPA1"]
[Site "Sunningdale ENG"]
[Date "2010.05.01"]
[Round "9.1"]
[White "Osborne, Marcus E"]
[Black "Swanson, Stephen"]
[Result "0-1"]
[WhiteElo "2239"]
[BlackElo "2263"]
[PlyCount "60"]
[EventDate "2010.05.01"]
[SourceDate "2009.10.24"]

1. d4 g6 2. e4 Bg7 3. Nc3 d6 4. f4 a6 5. Be3 b5 6. Be2 Nd7 7. Bf3 Bb7 8. e5 Qc8
9. a4 b4 10. Na2 c5 11. c3 bxc3 12. bxc3 Nh6 13. Rb1 Bxf3 14. Nxf3 O-O 15. Ng5
Rb8 16. O-O Rxb1 17. Qxb1 Qc6 18. e6 fxe6 19. Nxe6 Rb8 20. Qd3 Qd5 21. Nxg7
Kxg7 22. c4 Qf5 23. Qc3 Kf7 24. h3 Nf6 25. g4 Nhxg4 26. hxg4 Qxg4+ 27. Kh1 Qh3+
28. Kg1 Ng4 29. Re1 Qh2+ 30. Kf1 Rb2 0-1

[Event "4NCL/Div1d/GUI2 vs. PPA1"]
[Site "Sunningdale ENG"]
[Date "2010.05.01"]
[Round "9.2"]
[White "Posazhennikov, Alex"]
[Black "Stimpson, Philip M"]
[Result "1-0"]
[WhiteElo "2252"]
[BlackElo "2085"]
[PlyCount "55"]
[EventDate "2010.05.01"]
[SourceDate "2009.10.24"]

1. d4 f5 2. e4 fxe4 3. Nc3 Nf6 4. Bg5 c6 5. f3 Qa5 6. Qd2 e5 7. Bxf6 gxf6 8.
fxe4 exd4 9. Qxd4 Qe5 10. Nf3 Qxd4 11. Nxd4 Bb4 12. Bc4 b5 13. Be2 O-O 14. a4
bxa4 15. Bc4+ Kh8 16. O-O Ba6 17. Bxa6 Nxa6 18. Nxa4 Nc5 19. c3 Nxa4 20. Rxa4
Bc5 21. Ra5 Bb6 22. Raf5 c5 23. Nb5 c4+ 24. Kh1 Rfe8 25. Nd6 Re6 26. Rxf6 Rg8
27. Rxe6 dxe6 28. Nxc4 1-0

[Event "4NCL/Div1d/GUI2 vs. PPA1"]
[Site "Sunningdale ENG"]
[Date "2010.05.01"]
[Round "9.3"]
[White "Taylor, Dale C"]
[Black "Dunn, Andrew"]
[Result "0-1"]
[WhiteElo "2122"]
[BlackElo "2220"]
[PlyCount "76"]
[EventDate "2010.05.01"]
[SourceDate "2009.10.24"]

1. Nf3 d5 2. c4 e6 3. g3 Nf6 4. Bg2 Be7 5. O-O O-O 6. d4 c6 7. Nc3 Nbd7 8. e4
Nxe4 9. Nxe4 dxe4 10. Ne5 f5 11. f4 Nf6 12. Be3 Bd7 13. h3 Be8 14. g4 Qc7 15.
g5 Nd7 16. Nxd7 Qxd7 17. Rf2 Rd8 18. Qb3 Bf7 19. Bf1 b6 20. Be2 Qc7 21. Qc3 c5
22. dxc5 Bxc5 23. b4 Bxe3 24. Qxe3 e5 25. Rc1 Be6 26. a3 exf4 27. Rxf4 Qe7 28.
h4 Rc8 29. Bf1 Rfd8 30. Rf2 Rc7 31. Rfc2 Qd6 32. c5 bxc5 33. Bc4 Bxc4 34. Rxc4
Qe6 35. Rxc5 Rcd7 36. Rc8 a6 37. h5 Rd3 38. Qxd3 Qb6+ 0-1

[Event "4NCL/Div1d/GUI2 vs. PPA1"]
[Site "Sunningdale ENG"]
[Date "2010.05.01"]
[Round "9.4"]
[White "Harley, Andrew D"]
[Black "Punnett, Alan K"]
[Result "1-0"]
[WhiteElo "2204"]
[BlackElo "2094"]
[PlyCount "91"]
[EventDate "2010.05.01"]
[SourceDate "2009.10.24"]

1. e4 e6 2. d4 d5 3. Nc3 Bb4 4. e5 c5 5. a3 Bxc3+ 6. bxc3 Ne7 7. Qg4 O-O 8. Bd3
f5 9. exf6 Rxf6 10. Bg5 Rf7 11. Qh5 g6 12. Qd1 Nbc6 13. Nf3 Qc7 14. O-O e5 15.
Nxe5 Nxe5 16. dxe5 Qxe5 17. Qd2 Bd7 18. Rae1 Qg7 19. Bxe7 Rxe7 20. Qg5 Rxe1 21.
Rxe1 Bc6 22. Re7 Qxc3 23. h4 Re8 24. Rxh7 Qe1+ 25. Kh2 Qe5+ 26. Qxe5 Rxe5 27.
Bxg6 a5 28. h5 d4 29. Rc7 Rg5 30. g3 c4 31. f4 Rxg6 32. hxg6 c3 33. Re7 Ba4 34.
Re2 b5 35. f5 b4 36. axb4 axb4 37. f6 d3 38. Re7 d2 39. Rb7 Be8 40. Rb8 Kf8 41.
f7 d1=Q 42. fxe8=Q+ Kg7 43. Qf7+ Kh6 44. Rh8+ Kg5 45. Qf4+ Kxg6 46. Rg8+ 1-0

[Event "4NCL/Div1d/GUI2 vs. PPA1"]
[Site "Sunningdale ENG"]
[Date "2010.05.01"]
[Round "9.5"]
[White "Hopper, Paul"]
[Black "Byway, Paul V"]
[Result "1/2-1/2"]
[WhiteElo "2089"]
[BlackElo "2158"]
[PlyCount "81"]
[EventDate "2010.05.01"]
[SourceDate "2009.10.24"]

1. e4 c5 2. Nc3 e6 3. g3 d5 4. exd5 exd5 5. Bg2 Nf6 6. d3 d4 7. Ne4 Nxe4 8.
Bxe4 Bd6 9. Ne2 Nd7 10. O-O Nf6 11. Bg2 O-O 12. Bf4 Bg4 13. Bxd6 Qxd6 14. Qd2
Rab8 15. Rfe1 b6 16. Nf4 Bd7 17. Qe2 Rfe8 18. Qf3 Bg4 19. Qc6 Qxc6 20. Bxc6 Bd7
21. Bxd7 Nxd7 22. a4 Ne5 23. Kg2 Nc6 24. Nd5 Kf8 25. Nc7 Re7 26. Rxe7 Kxe7 27.
Re1+ Kd7 28. Nb5 Nb4 29. Na3 Rc8 30. Kf3 Rc6 31. Re4 Rf6+ 32. Rf4 Rxf4+ 33.
Kxf4 Ke6 34. Ke4 f5+ 35. Kf3 g5 36. h3 h6 37. Ke2 Nd5 38. Kf3 h5 39. Nb5 a6 40.
Na3 h4 41. Kg2 1/2-1/2

[Event "4NCL/Div1d/GUI2 vs. PPA1"]
[Site "Sunningdale ENG"]
[Date "2010.05.01"]
[Round "9.6"]
[White "Rosen, Daniel B"]
[Black "Shepley, Julien M"]
[Result "1/2-1/2"]
[WhiteElo "2145"]
[BlackElo "2022"]
[PlyCount "37"]
[EventDate "2010.05.01"]
[SourceDate "2009.10.24"]

1. e4 d6 2. d4 Nf6 3. Nc3 e5 4. dxe5 dxe5 5. Qxd8+ Kxd8 6. Bc4 Bb4 7. Bd2 Ke7
8. Nge2 Be6 9. Bxe6 Kxe6 10. f3 c6 11. O-O-O Nbd7 12. Be3 Bc5 13. Bxc5 Nxc5 14.
Rd2 Rhd8 15. Rhd1 Rxd2 16. Rxd2 a5 17. Nd1 g6 18. Ne3 b5 19. Ng1 1/2-1/2

[Event "4NCL/Div1d/GUI2 vs. PPA1"]
[Site "Sunningdale ENG"]
[Date "2010.05.01"]
[Round "9.7"]
[White "Way, Julian M"]
[Black "McEwan, Ken B"]
[Result "1-0"]
[WhiteElo "1994"]
[BlackElo "2142"]
[PlyCount "101"]
[EventDate "2010.05.01"]
[SourceDate "2009.10.24"]

1. d4 d5 2. Bf4 Nf6 3. e3 g6 4. Be2 Bg7 5. h3 Nbd7 6. Nf3 O-O 7. O-O Ne4 8.
Nbd2 Nxd2 9. Qxd2 c6 10. c4 dxc4 11. Bxc4 Nb6 12. Bb3 a5 13. a3 Bf5 14. Rfd1
Be4 15. Ne5 Bd5 16. Bxd5 cxd5 17. Rac1 Bxe5 18. dxe5 e6 19. Qd4 g5 20. Bxg5
Qxg5 21. Qxb6 Qxe5 22. Rc7 Rac8 23. Rdc1 Rxc7 24. Rxc7 h6 25. Rc3 a4 26. Qb4
Rd8 27. Qh4 Qg5 28. Qxa4 Kh8 29. Qd4+ e5 30. Qg4 Qxg4 31. hxg4 Rd7 32. Kf1 Kg7
33. Ke2 Kg6 34. f3 h5 35. gxh5+ Kxh5 36. a4 f5 37. Rc5 Kg6 38. b4 Kf6 39. a5 f4
40. Kd3 Kf5 41. b5 fxe3 42. Kxe3 d4+ 43. Kd3 Kf4 44. b6 Rd6 45. Rc8 Kg3 46. a6
Rxb6 47. a7 Rb3+ 48. Kc2 Ra3 49. a8=Q Rxa8 50. Rxa8 Kxg2 51. Rf8 1-0

[Event "4NCL/Div1d/GUI2 vs. PPA1"]
[Site "Sunningdale ENG"]
[Date "2010.05.01"]
[Round "9.8"]
[White "Turvey-Cross, Syringa L"]
[Black "Dines, Sheila J"]
[Result "0-1"]
[WhiteElo "1770"]
[BlackElo "1931"]
[PlyCount "38"]
[EventDate "2010.05.01"]
[SourceDate "2009.10.24"]

1. e4 e5 2. f4 exf4 3. Nf3 d5 4. exd5 Bg4 5. Bb5+ c6 6. dxc6 Nxc6 7. d4 Qa5+ 8.
Nc3 Bb4 9. Qe2+ Nge7 10. O-O O-O 11. Bxc6 Nxc6 12. d5 Nd4 13. Qd3 Nxf3+ 14.
gxf3 Bh3 15. Rd1 Qb6+ 16. Kh1 Bxc3 17. Qxc3 Rac8 18. Qd3 Qf2 19. Rg1 Rxc2 0-1

[Event "4NCL/Div1d/PANDG vs. BAR2"]
[Site "Sunningdale ENG"]
[Date "2010.05.02"]
[Round "10.7"]
[White "Milson, Samuel A"]
[Black "Lewis, Andrew P"]
[Result "0-1"]
[WhiteElo "1994"]
[BlackElo "2273"]
[PlyCount "46"]
[EventDate "2010.05.02"]
[SourceDate "2009.10.24"]

1. e4 c5 2. Nc3 e6 3. f4 d5 4. Bb5+ Bd7 5. Bxd7+ Qxd7 6. d3 Nc6 7. e5 Nh6 8.
Nf3 Be7 9. O-O Nf5 10. Qe1 h5 11. a3 O-O-O 12. Na2 Kb8 13. b4 Ncd4 14. Nxd4
cxd4 15. c3 Rc8 16. cxd4 Qb5 17. Qd1 Qb6 18. Kh1 Qxd4 19. Rb1 h4 20. Rf3 Ng3+
21. Rxg3 hxg3 22. h3 Qf2 23. Rb2 Rxh3+ 0-1

[Event "4NCL/Div1d/PANDG vs. BAR2"]
[Site "Sunningdale ENG"]
[Date "2010.05.02"]
[Round "10.8"]
[White "Regan, Natasha K"]
[Black "Milson, Amy F"]
[Result "1-0"]
[WhiteElo "2152"]
[BlackElo "1602"]
[PlyCount "47"]
[EventDate "2010.05.02"]
[SourceDate "2009.10.24"]

1. e4 c5 2. Na3 d6 3. c3 Nf6 4. g3 Nc6 5. Bg2 g6 6. d3 Bg7 7. f4 e5 8. Nf3 Qe7
9. fxe5 Nxe5 10. Nxe5 Qxe5 11. Bf4 Qe7 12. Nb5 O-O 13. Bxd6 Qd7 14. Bxf8 Qxb5
15. Bxg7 Kxg7 16. Qd2 Be6 17. O-O Rd8 18. Qg5 Qb6 19. Qxf6+ Kg8 20. Rad1 Rd7
21. Rf2 Qa5 22. d4 Qc7 23. d5 Bg4 24. Rdf1 1-0

[Event "4NCL/Div1d/BET vs. GUI2"]
[Site "Sunningdale ENG"]
[Date "2010.05.02"]
[Round "10.5"]
[White "Baker, Chris W"]
[Black "Taylor, Dale C"]
[Result "1-0"]
[WhiteElo "2357"]
[BlackElo "2122"]
[PlyCount "133"]
[EventDate "2010.05.02"]
[SourceDate "2009.10.24"]

1. d4 Nf6 2. c4 e5 3. dxe5 Ne4 4. Nf3 Bb4+ 5. Nbd2 Nc6 6. a3 Bxd2+ 7. Nxd2 Nxd2
8. Bxd2 Nxe5 9. Bc3 Qe7 10. Qd4 f6 11. e3 b6 12. Be2 Bb7 13. O-O O-O 14. Rad1
Rad8 15. Qh4 Rfe8 16. Qg3 Kh8 17. Rd4 d5 18. cxd5 Rxd5 19. Rh4 Nf7 20. Qg6 h6
21. Rg4 Rg5 22. Rxg5 Nxg5 23. Rc1 Be4 24. Qh5 Rd8 25. h4 Nf7 26. Qg4 Bh7 27. b4
Ne5 28. Bxe5 Qxe5 29. Qc4 Rd7 30. Qc6 Re7 31. Bf3 Be4 32. Bxe4 Qxe4 33. Qxe4
Rxe4 34. Rxc7 a5 35. bxa5 bxa5 36. g3 Ra4 37. Rc3 g5 38. hxg5 hxg5 39. Kg2 Kg7
40. Kf3 Kg6 41. e4 Kh5 42. Re3 Rd4 43. e5 fxe5 44. Rxe5 Ra4 45. Kg2 Kg6 46. Re3
Rc4 47. Rd3 Ra4 48. Rc3 Kh5 49. Kf3 g4+ 50. Ke3 Kg5 51. Kd3 Kf5 52. Kc2 Ke4 53.
Kb3 Rd4 54. Re3+ Kd5 55. Re8 a4+ 56. Kc3 Rc4+ 57. Kd3 Rd4+ 58. Ke3 Rc4 59. Rd8+
Ke5 60. Kd3 Rc6 61. Ra8 Rd6+ 62. Ke3 Rb6 63. Ra5+ Kf6 64. Kf4 Rb3 65. Rxa4 Rf3+
66. Kxg4 Rxf2 67. Rf4+ 1-0

[Event "4NCL/Div1d/PPA1 vs. OXF1"]
[Site "Sunningdale ENG"]
[Date "2010.05.02"]
[Round "10.8"]
[White "Tidman, Sophie E"]
[Black "Turvey-Cross, Syringa L"]
[Result "1-0"]
[WhiteElo "2110"]
[BlackElo "1770"]
[PlyCount "53"]
[EventDate "2010.05.02"]
[SourceDate "2009.10.24"]

1. e4 c5 2. Nf3 d6 3. d4 cxd4 4. Nxd4 Nf6 5. Nc3 e6 6. g4 Be7 7. g5 Nfd7 8. Rg1
a6 9. Be3 Qc7 10. f4 Nc6 11. Qd2 b5 12. O-O-O Nc5 13. Bg2 b4 14. Nce2 Rb8 15.
Kb1 a5 16. f5 e5 17. Nxc6 Qxc6 18. f6 gxf6 19. gxf6 Bf8 20. Ng3 Bg4 21. Rc1 Be6
22. b3 Na6 23. Nf5 Nc7 24. Bh3 Qxe4 25. Nxd6+ Bxd6 26. Qxd6 Nd5 27. Qxb8+ 1-0

[Event "4NCL/Div1d/GUI2 vs. PANDG"]
[Site "Sunningdale ENG"]
[Date "2010.05.03"]
[Round "11.5"]
[White "Dekker, Alain S"]
[Black "McCarthy, Kevin C"]
[Result "1-0"]
[WhiteElo "2109"]
[BlackElo "2106"]
[PlyCount "84"]
[EventDate "2010.05.03"]
[SourceDate "2009.10.24"]

1. e4 e6 2. d4 d5 3. Nc3 Nf6 4. Bg5 Be7 5. e5 Nfd7 6. h4 h6 7. Be3 c5 8. Qg4
Kf8 9. f4 cxd4 10. Bxd4 Nc6 11. Bf2 Bc5 12. Bxc5+ Nxc5 13. O-O-O a6 14. Nf3 b5
15. Bd3 Nxd3+ 16. Rxd3 Nb4 17. Rd2 Qe7 18. Nd4 Bd7 19. f5 Nc6 20. Nxc6 Bxc6 21.
Rf1 h5 22. Qf4 Ra7 23. fxe6 Qxe6 24. Ne2 Qg4 25. Qf2 Re7 26. Rd4 Qd7 27. Nf4
Kg8 28. e6 Qb7 29. Qg3 Rh6 30. Qg5 fxe6 31. Nxh5 Kh7 32. Rg4 Be8 33. Nf6+ Rxf6
34. Rxf6 Rf7 35. Rh6+ Kg8 36. Rf6 Qe7 37. Rxf7 Qxf7 38. Rf4 Qd7 39. h5 d4 40.
h6 d3 41. Rf8+ Kxf8 42. h7 Kf7 1-0

[Event "4NCL/Div1d/GUI2 vs. PANDG"]
[Site "Sunningdale ENG"]
[Date "2010.05.03"]
[Round "11.8"]
[White "Milson, Amy F"]
[Black "Stimpson, Philip M"]
[Result "0-1"]
[WhiteElo "1602"]
[BlackElo "2085"]
[PlyCount "102"]
[EventDate "2010.05.03"]
[SourceDate "2009.10.24"]

1. e4 d5 2. exd5 Qxd5 3. Nc3 Qa5 4. d4 Nf6 5. Bd2 c6 6. Nf3 Bf5 7. Bc4 e6 8. d5
Qc5 9. dxc6 Nxc6 10. Bb5 a6 11. Be3 Qb4 12. Bxc6+ bxc6 13. Rb1 Ne4 14. Bd2 Nxd2
15. Qxd2 Rd8 16. Qe2 Be7 17. O-O O-O 18. Ne5 Qc5 19. Rbc1 Bd6 20. Rfe1 Bc7 21.
Na4 Qb5 22. Qxb5 cxb5 23. Nc6 bxa4 24. Nxd8 Rxd8 25. Re2 Kf8 26. g3 Bb6 27. c4
Bd4 28. Rd2 e5 29. Kg2 Rb8 30. c5 Be4+ 31. Kh3 Bc6 32. Rdc2 Ke7 33. a3 Rb5 34.
f4 f5 35. Re2 Ke6 36. Rc4 Kd5 37. Rxa4 Rxc5 38. Rb4 Bb5 39. Re1 a5 40. Rb3 a4
41. Rb4 Kc6 42. Rb1 Rc4 43. Rxc4+ Bxc4 44. Rc1 Kd5 45. Rc2 e4 46. Kg2 e3 47.
Kf3 e2 48. Rxe2 Bxe2+ 49. Kxe2 Kc4 50. b4 axb3 51. Kd2 Be3+ 0-1

[Event "4NCL/Div1d/JUTK vs. PPA1"]
[Site "Sunningdale ENG"]
[Date "2010.05.03"]
[Round "11.8"]
[White "Mountford, Corinne"]
[Black "Wilson, Alexandra"]
[Result "0-1"]
[WhiteElo "1602"]
[BlackElo "2065"]
[PlyCount "54"]
[EventDate "2010.05.03"]
[SourceDate "2009.10.24"]

1. d4 e6 2. Bf4 b6 3. e3 Bb7 4. Nf3 f5 5. c4 Nf6 6. Nc3 Bb4 7. Rc1 O-O 8. a3
Bxc3+ 9. Rxc3 Ne4 10. Rc1 d6 11. h4 Nd7 12. Nd2 e5 13. Nxe4 Bxe4 14. Bg5 Qe8
15. f3 Bb7 16. h5 h6 17. f4 hxg5 18. fxg5 exd4 19. Qxd4 Qe5 20. Kd2 f4 21. Qxe5
Nxe5 22. Rh3 f3 23. g3 f2 24. Rh4 Nf3+ 25. Ke2 Nxh4 26. gxh4 Rae8 27. Rd1 Bf3+
0-1

[Event "4NCL/Div2a/SAMS vs. WRO2"]
[Site "Sunningdale ENG"]
[Date "2009.10.24"]
[Round "1.3"]
[White "Adair, James"]
[Black "Archer, Richard"]
[Result "1-0"]
[WhiteElo "2138"]
[BlackElo "2066"]
[PlyCount "81"]
[EventDate "2009.10.24"]
[EventRounds "11"]
[EventCountry "ENG"]
[SourceDate "2009.10.24"]

1. e4 c5 2. Nf3 d6 3. d4 cxd4 4. Nxd4 Nf6 5. Nc3 a6 6. h3 e5 7. Nde2 Be7 8. g4
h6 9. Bg2 Be6 10. O-O O-O 11. Ng3 Nbd7 12. Nf5 Bxf5 13. exf5 Rb8 14. a4 Nb6 15.
a5 Nc4 16. Nd5 Re8 17. Nxf6+ Bxf6 18. Qd5 Qc7 19. b3 e4 20. Ra2 Ne5 21. Qxe4
Nc6 22. Qc4 Re5 23. Bf4 Rxa5 24. Rxa5 Qxa5 25. Bxc6 bxc6 26. Qxc6 Be5 27. Bxe5
Qxe5 28. Rd1 Qe2 29. Qxd6 Rc8 30. c4 h5 31. Qd3 Qe5 32. g5 Qf4 33. g6 Qg5+ 34.
Kf1 fxg6 35. fxg6 Kh8 36. Qg3 Qf5 37. Rd5 Qb1+ 38. Kg2 Qe4+ 39. Kh2 Rf8 40.
Rxh5+ Kg8 41. Rh4 1-0

[Event "4NCL/Div2a/SAMS vs. WRO2"]
[Site "Sunningdale ENG"]
[Date "2009.10.24"]
[Round "1.6"]
[White "Webb, Matthew D"]
[Black "Varnam, Liam D"]
[Result "1/2-1/2"]
[WhiteElo "1986"]
[BlackElo "2174"]
[PlyCount "70"]
[EventDate "2009.10.24"]
[EventRounds "11"]
[EventCountry "ENG"]
[SourceDate "2009.10.24"]

1. e4 e5 2. Bc4 Nc6 3. f4 exf4 4. Nf3 g5 5. d4 g4 6. O-O Bh6 7. Ne5 Nxe5 8.
dxe5 Qe7 9. Qd5 f3 10. Nc3 c6 11. Qd4 Bg7 12. Bf4 d6 13. Qxd6 Qxd6 14. exd6 b5
15. Nxb5 cxb5 16. Bd5 Rb8 17. d7+ Bxd7 18. Bxb8 Bxb2 19. Rad1 Nf6 20. Bxa7 Rg8
21. e5 g3 22. Rxf3 gxh2+ 23. Kh1 Nxd5 24. Rxd5 Bc6 25. Rc5 Bxf3 26. Rc8+ Kd7
27. Rxg8 Bd5 28. Rb8 Bc4 29. Rb7+ Kc8 30. Re7 Bxa2 31. Bb6 Be6 32. c3 Bc1 33.
Bc7 Bg5 34. Bd6 Bxe7 35. Bxe7 Kd7 1/2-1/2

[Event "4NCL/Div2a/SAMS vs. WRO2"]
[Site "Sunningdale ENG"]
[Date "2009.10.24"]
[Round "1.7"]
[White "Ruston, Mark R"]
[Black "Whitaker, Thomas R"]
[Result "0-1"]
[WhiteElo "2099"]
[BlackElo "1954"]
[PlyCount "64"]
[EventDate "2009.10.24"]
[EventRounds "11"]
[EventCountry "ENG"]
[SourceDate "2009.10.24"]

1. e4 c5 2. Nc3 Nc6 3. g3 d6 4. Bg2 g6 5. d3 Bg7 6. Be3 e5 7. Qd2 Be6 8. Nd5
Qd7 9. h4 O-O-O 10. Ne2 f5 11. Nec3 Nge7 12. h5 Rhf8 13. hxg6 hxg6 14. Rh7 Rg8
15. O-O-O Bxd5 16. Nxd5 Nxd5 17. exd5 Ne7 18. Qa5 b6 19. Qa6+ Kb8 20. Rdh1 Rdf8
21. Rxg7 Rxg7 22. Bh6 Rfg8 23. Bxg7 Rxg7 24. Rh8+ Nc8 25. Rh4 Rh7 26. a4 Rxh4
27. gxh4 Qh7 28. Qc4 f4 29. Qe4 Qxh4 30. Qxg6 Qxf2 31. Kb1 Qg1+ 32. Ka2 f3 0-1

[Event "4NCL/Div2a/SAMS vs. WRO2"]
[Site "Sunningdale ENG"]
[Date "2009.10.24"]
[Round "1.8"]
[White "Hollingworth, Evie"]
[Black "Khoo, Selina"]
[Result "0-1"]
[WhiteElo "1874"]
[BlackElo "1981"]
[PlyCount "78"]
[EventDate "2009.10.24"]
[EventRounds "11"]
[EventCountry "ENG"]
[SourceDate "2009.10.24"]

1. e4 c6 2. Nf3 d5 3. Nc3 Bg4 4. exd5 cxd5 5. h3 Bh5 6. d4 Nc6 7. Be2 e6 8. O-O
Nf6 9. Ne5 Bxe2 10. Nxe2 Bd6 11. Bf4 O-O 12. c3 Ne7 13. Bh2 b5 14. a3 a5 15. b4
Qc7 16. Qd3 Rfb8 17. f4 Ne4 18. Nf3 Ra6 19. Nd2 Nxd2 20. Qxd2 Rba8 21. Rac1
axb4 22. axb4 Qc4 23. Rc2 Ra2 24. Nc1 Rxc2 25. Qxc2 Bxb4 26. Rf3 Ra3 27. Ne2
Ra2 28. Qd3 Qxd3 29. Rxd3 Rxe2 30. cxb4 Rb2 31. Ra3 g6 32. Bg3 Rxb4 33. Bf2 Nf5
34. Rd3 Rb1+ 35. Kh2 b4 36. g4 Nd6 37. Kg2 b3 38. Rd2 Nc4 39. Re2 b2 0-1

[Event "4NCL/Div2a/WES1 vs. BRJ"]
[Site "Sunningdale ENG"]
[Date "2009.10.24"]
[Round "1.5"]
[White "de Coverly, Roger D"]
[Black "Rabbitt, Michael"]
[Result "1-0"]
[WhiteElo "2101"]
[BlackElo "2074"]
[PlyCount "97"]
[EventDate "2009.10.24"]
[EventRounds "11"]
[EventCountry "ENG"]
[SourceDate "2009.10.24"]

1. Nf3 Nf6 2. g3 d5 3. Bg2 Bf5 4. O-O e6 5. d3 Nbd7 6. Nbd2 Bc5 7. Qe1 O-O 8.
e4 dxe4 9. dxe4 Bg6 10. e5 Nd5 11. Ne4 Bb6 12. a3 Nc5 13. Nxc5 Bxc5 14. Qe2 c6
15. Nh4 Qc7 16. Nxg6 hxg6 17. Rd1 Rfd8 18. Bg5 Be7 19. Bd2 Rd7 20. c4 Nb6 21.
a4 Rad8 22. b3 Rd3 23. a5 Nc8 24. Be4 Rxb3 25. Bc2 Ra3 26. Rxa3 Bxa3 27. h4 Bf8
28. Rb1 b6 29. a6 Ne7 30. Bg5 Rd7 31. Qe4 Nf5 32. g4 Rd4 33. Qe2 Nh6 34. f3 Bc5
35. Kf1 Rd7 36. h5 gxh5 37. Qe4 Kf8 38. Bxh6 gxh6 39. Qf4 hxg4 40. Qxh6+ Ke8
41. Qh8+ Bf8 42. c5 b5 43. Be4 Rd4 44. Re1 gxf3 45. Bxf3 Rc4 46. Rd1 Rxc5 47.
Qf6 Qe7 48. Qf4 Rc4 49. Qxc4 1-0